| 000 | 00619 a2200181 4500 | ||
|---|---|---|---|
| 020 | _a0387100008 | ||
| 020 | _a9780387100005 | ||
| 082 | _a530.15 | ||
| 090 |
_c1619 _d1619 |
||
| 100 | 1 | _aSanchez-Palencia, Enrique. | |
| 245 | 1 | 0 |
_aNon-homogeneous media and vibration theory / _cEnrique Sanchez-Palencia. |
| 260 |
_a[S.l.] : _bSpringer-Verlag, _c1980. |
||
| 300 | _a398 p. | ||
| 490 | 1 | _aLecture notes in physics. | |
| 830 | 0 | _aLecture notes in physics. | |
| 942 |
_aSNS _cBK _k530.15 SAN |
||
| 999 |
_c30228 _d30228 |
||